Nguyễn ái Quốc - Hồ Chí Minh những tác phẩm tiêu biểu Từ 1919 đến 1945
Guardado en:
| Autor principal: | |
|---|---|
| Formato: | Libro |
| Lenguaje: | Undetermined |
| Publicado: |
Hà Nội
Giáo dục
2000
|
| Materias: | |
| Etiquetas: |
Agregar Etiqueta
Sin Etiquetas, Sea el primero en etiquetar este registro!
|
| Thư viện lưu trữ: | Trung tâm Học liệu Trường Đại học Cần Thơ |
|---|
| LEADER | 00570nam a2200181Ia 4500 | ||
|---|---|---|---|
| 001 | CTU_39688 | ||
| 008 | 210402s9999 xx 000 0 und d | ||
| 082 | |a 895.9228 | ||
| 082 | |b M312 | ||
| 100 | |a Hồ Chi Minh | ||
| 245 | 0 | |a Nguyễn ái Quốc - Hồ Chí Minh những tác phẩm tiêu biểu | |
| 245 | 0 | |b Từ 1919 đến 1945 | |
| 245 | 0 | |c Hồ Chi Minh | |
| 260 | |a Hà Nội | ||
| 260 | |b Giáo dục | ||
| 260 | |c 2000 | ||
| 650 | |a vietnamese literature - 20th century | ||
| 980 | |a Trung tâm Học liệu Trường Đại học Cần Thơ | ||